000
00308nam a22001457a 4500
020
_a
0-7214-0924-5
082
_a
823
_b
MCC/W
100
_a
MCCULLAGH, SHEILA
245
_a
WHEN THE MAGIC STOPPED
250
_a
1
260
_a
UK
_b
LADYBIRD
300
_a
42
650
_a
ENGLISH SHORT STORY
_z
UK
942
_c
BK
999
_c
4150
_d
4150